Problémy stanovovania a sledovania ekonomickej efektívnosti úloh rozvoja vedy a techniky v ZTS Dubnica nad Váhom záverečná práca postgraduálneho štúdia

Salvato in:
Dettagli Bibliografici
Autore principale: Lokšeninec, Ferdinand
Ente Autore: Vysoká škola ekonomická v Bratislave
Altri autori: Mišík, Vladimír
Natura: Libro
Lingua:slovacco
Pubblicazione: Bratislava 1989
Tags: Aggiungi Tag
Nessun Tag, puoi essere il primo ad aggiungerne!!

MARC

LEADER 00000nam a2200000 4500
001 c036511
005 20230116121636.9
041 0 |a slo 
044 |a SK 
245 1 0 |a Problémy stanovovania a sledovania ekonomickej efektívnosti úloh rozvoja vedy a techniky v ZTS Dubnica nad Váhom  |b záverečná práca postgraduálneho štúdia  |c Ferdinand Lokšeninec ; ved. práce Vladimír Mišík 
264 1 |a Bratislava  |c 1989 
300 |a 66 s. 
100 1 |a Lokšeninec, Ferdinand 
700 1 |a Mišík, Vladimír 
710 2 |a Vysoká škola ekonomická v Bratislave